|
|
|
|
| LEADER |
00000nam a2200000 a 4500 |
| 001 |
vtls010270764 |
| 003 |
SK-MaSNL |
| 005 |
20260331205813.0 |
| 008 |
150827s2010 xo o r 000 0 slo |
| 015 |
|
|
|a SNBE2011/02-01389
|
| 035 |
|
|
|a B958A211-DA8B-486E-A610-9C72ADD510CE
|
| 035 |
|
|
|a urn:nbn:sk:snk-amjhkh
|
| 035 |
|
|
|a urn:nbn:sk:snk-am003esw
|
| 040 |
|
|
|a SNK
|b slo
|c SNK
|e AACR2
|
| 041 |
0 |
|
|a slo
|
| 043 |
|
|
|a e-xo---
|
| 044 |
|
|
|a xo
|c SK
|
| 072 |
|
7 |
|a 821.162.4.09
|x Slovenská literatúra (o nej)
|2 konspekt
|
| 080 |
|
|
|a 821.162.4.09-051
|2 2001
|
| 080 |
|
|
|a (041)
|2 2001
|
| 080 |
|
|
|a 929 Jurčo, Milan
|2 2001
|
| 100 |
1 |
|
|a Donovalová, Katarína,
|d 1950-
|4 com
|9 101875
|
| 245 |
1 |
0 |
|a Milan Jurčo
|b bibliografický leták
|c zostavila: Katarína Donovalová ; zodp. redaktor: Peter Klinec
|
| 250 |
|
|
|a [1. vyd.]
|
| 260 |
|
|
|a Banská Bystrica
|b Verejná knižnica Mikuláša Kováča
|c 2010
|
| 300 |
|
|
|a 1 zlož. list ([5] s.)
|b fotogr.
|c 21 x 30 cm, po zložení 21 x 10 cm
|
| 500 |
|
|
|a Obsahuje údaje o tvorbe a biograf. údaje
|
| 600 |
1 |
7 |
|a Jurčo, Milan,
|d 1931-2012
|2 SNKMA
|9 155221
|
| 650 |
0 |
7 |
|a literárni kritici
|2 SNKPH
|9 89457
|
| 650 |
0 |
7 |
|a literárni vedci
|2 SNKPH
|9 220855
|
| 655 |
|
7 |
|a bibliografické letáky
|2 SNKPH
|9 74589
|
| 700 |
1 |
|
|a Klinec, Peter,
|d 1952-
|4 lso
|9 139490
|
| 710 |
2 |
|
|a Verejná knižnica Mikuláša Kováča
|4 pbl
|9 33817
|
| 958 |
|
|
|a BX
|
| 999 |
|
|
|c 765613
|d 767543
|
| 952 |
|
|
|a SNK
|b SNK
|y PREZ
|7 0
|p 17A0696754
|o snkOSC 25512
|i snk2011/8594
|8 0
|0 0
|1 0
|4 0
|d 2011-04-13
|f 1
|l 0
|r 2026-02-24 00:18:05
|w 2026-02-24
|